| 000 | 00889nas a2200289 4500 | ||
|---|---|---|---|
| 001 | BR2012008911 | ||
| 003 | BR-BrBNA | ||
| 005 | 20231205121508.0 | ||
| 007 | ta | ||
| 008 | 230509b bl.|||p| |||| 00| 00por d | ||
| 040 |
_aBR-BrBNA _bpor _cBiblioteca Nacional de Agricultura |
||
| 041 | _a(En) | ||
| 072 | _aF30 | ||
| 100 | 1 | _aArnhold, E. | |
| 100 | 1 | _aMora, F. | |
| 100 | 1 | _aPacheco, C.A.P. | |
| 100 | 1 | _aCarvalho, W.L. de | |
| 245 | 1 | _aPrediction of genotypic values of maize for the agricultural frontier region in northeastern Maranhão, Brazil | |
| 650 | _aMILHO | ||
| 650 | _aVARIEDADE RESISTENTE | ||
| 650 | _aGENÓTIPO | ||
| 650 | _aGRÃO | ||
| 650 | _aRENDIMENTO | ||
| 773 | 0 |
_tCrop Breeding and Applied Biotechnology (Brazil) _xISSN 1518-7853 _g(Jun 2012), v. 12(2) p. 151-155 _wBR2012008911 |
|
| 909 |
_a202311 _bLúcia _c55 _dLúcia Elande |
||
| 942 |
_2AGRIS _n0 _cANA |
||
| 999 |
_c223832 _d223832 |
||